| 000 | 01183cam a2200229 4500 | ||
|---|---|---|---|
| 008 | 000000n2000 000 0 eng u | ||
| 035 | _a(Sirsi) u109481 | ||
| 245 | _aLand registration | ||
| 260 | _c2000 | ||
| 490 |
_aEstates Gazette Case Summaries _v[2000] EGCS 125 (18/11/00)(1) |
||
| 520 | _a"Habermann v Koehler and another" CA 8 November 2000. The appellants, who occupied a property under oral agreement with an option to purchase, sought to overturn the judgment that the respondent was entitled to possession after the owner had transferred the freehold of the property in satisfaction of a debt secured on it. K contended that, under the Land Registration Act 1925 s70(1)(g), the option to purchase granted to them was binding on H as a successor in title. Appeal dismissed. | ||
| 650 | _aLAND REGISTRATION | ||
| 650 | _aOVERRIDING INTEREST | ||
| 650 | _aCLAIM OF POSSESSION | ||
| 650 | _aOPTION TO PURCHASE | ||
| 650 | _aLAND REGISTRATION ACT 1925 S70(1)(G) | ||
| 650 | _aLAND REGISTRATION ACT 1925 S34(3) | ||
| 650 | _aABBEY NATIONAL BUILDING SOCIETY V CANN | ||
| 650 | _aLLOYDS BANK PLC V ROSSET | ||
| 690 | _aPROPERTY AND LAND LAW-CASE LAW | ||
| 942 | _n0 | ||
| 999 |
_c65361 _d65361 |
||